[Event "25. Torneo San Viator 2015"]
[Site "Madrid ESP"]
[Date "2015.10.18"]
[Round "4.16"]
[White "Cano Mercado, Francisco Manuel"]
[Black "Campos Tores, Jose Luis"]
[Result "0-1"]
[WhiteElo "1885"]
[BlackElo "1788"]
[PlyCount "68"]
[EventDate "2015.10.04"]
[EventType "swiss"]
[EventRounds "9"]
[EventCountry "ESP"]
[Source "lmi"]
[SourceDate "2015.10.04"]

1. e4 c5 2. Nc3 g6 3. Nge2 Bg7 4. d4 cxd4 5. Nxd4 Nc6 6. Be3 Nf6 7. f3 O-O 8.
Qd2 d5 9. O-O-O dxe4 10. fxe4 Ng4 11. Nxc6 Qxd2+ 12. Bxd2 bxc6 13. Re1 Be6 14.
Bd3 Rfd8 15. Rhf1 Rab8 16. a3 Ne5 17. Be2 Rd7 18. Na4 Bc4 19. Bxc4 Nxc4 20. Bb4
a5 21. Bc3 Bxc3 22. Nxc3 Nxb2 23. Rf3 Nc4 24. Na4 Rdb7 25. Nc3 Nxa3 26. Ref1 e6
27. h4 Nc4 28. Kd1 Rd7+ 29. Kc1 Rbd8 30. h5 Nd2 31. h6 Nxf1 32. Rxf1 a4 33. Rf2
a3 34. Kb1 Rd2 0-1

[Event "25. Torneo San Viator 2015"]
[Site "Madrid ESP"]
[Date "2015.10.18"]
[Round "4.17"]
[White "Jimenez Elices, Jose Maria"]
[Black "Lopez Benitez, David"]
[Result "1-0"]
[WhiteElo "1883"]
[BlackElo "1731"]
[PlyCount "115"]
[EventDate "2015.10.04"]
[EventType "swiss"]
[EventRounds "9"]
[EventCountry "ESP"]
[Source "lmi"]
[SourceDate "2015.10.04"]

1. e4 d6 2. d4 Nf6 3. Nc3 g6 4. Nf3 Bg7 5. Bc4 O-O 6. Be3 Nc6 7. O-O e5 8. Qe2
Bg4 9. Rad1 Nh5 10. Bd5 Nf4 11. Bxf4 exf4 12. Bxc6 bxc6 13. Qd3 Rb8 14. b3 Rb4
15. Ne2 f5 16. c3 fxe4 17. Qxe4 d5 18. Qd3 Rb8 19. Rfe1 Bf5 20. Qd2 g5 21. Ne5
Bxe5 22. dxe5 Qe8 23. Nd4 Be6 24. h3 h5 25. Qe2 g4 26. Kh2 Rf7 27. Rd3 Qd7 28.
f3 gxf3 29. gxf3 Rg7 30. Nxe6 Qxe6 31. Rg1 Rxg1 32. Kxg1 Qxh3 33. Qg2+ Qxg2+
34. Kxg2 Kh7 35. Rd4 Re8 36. Rxf4 Kg6 37. Rf6+ Kg7 38. f4 c5 39. Rf5 Rf8 40.
Rg5+ Kh6 41. Kf3 a5 42. e6 c6 43. e7 Re8 44. Re5 Kg6 45. c4 Kf6 46. cxd5 Rxe7
47. Rxe7 Kxe7 48. dxc6 Kd6 49. Kg3 Kxc6 50. Kh4 a4 51. Kxh5 axb3 52. axb3 Kd5
53. f5 Kd4 54. f6 Kc3 55. f7 Kxb3 56. f8=Q c4 57. Qf1 c3 58. Qc1 1-0

[Event "25. Torneo San Viator 2015"]
[Site "Madrid ESP"]
[Date "2015.10.18"]
[Round "4.18"]
[White "Gil Calvente, Jose Antonio"]
[Black "Barahona Torrijos, Angel"]
[Result "0-1"]
[WhiteElo "1723"]
[BlackElo "1812"]
[PlyCount "54"]
[EventDate "2015.10.04"]
[EventType "swiss"]
[EventRounds "9"]
[EventCountry "ESP"]
[Source "lmi"]
[SourceDate "2015.10.04"]

1. Nf3 d5 2. d4 Nc6 3. e3 Nf6 4. Bd3 Nb4 5. Be2 Bf5 6. Na3 e6 7. O-O Bd6 8. Ne5
O-O 9. b3 Ne4 10. Bb2 Qg5 11. f4 Qe7 12. Nb5 Bxe5 13. fxe5 Qg5 14. Rf4 c6 15.
a3 cxb5 16. axb4 Rfc8 17. Bxb5 Nc3 18. Bxc3 Rxc3 19. Bd3 Bxd3 20. cxd3 Rac8 21.
Qf3 Qg6 22. Rf1 Rc1 23. Rxc1 Rxc1+ 24. Kf2 Rc2+ 25. Kg1 Qxd3 26. Rxf7 Rc1+ 27.
Kf2 Rf1+ 0-1

[Event "25. Torneo San Viator 2015"]
[Site "Madrid ESP"]
[Date "2015.10.18"]
[Round "4.19"]
[White "Alonso Lazaro, Adrian"]
[Black "Del Noval Nemeshazi, Nesztor"]
[Result "1/2-1/2"]
[WhiteElo "1624"]
[BlackElo "1810"]
[PlyCount "143"]
[EventDate "2015.10.04"]
[EventType "swiss"]
[EventRounds "9"]
[EventCountry "ESP"]
[Source "lmi"]
[SourceDate "2015.10.04"]

1. e4 c5 2. Nf3 d6 3. d4 cxd4 4. Nxd4 Nf6 5. Nc3 a6 6. f3 e6 7. Be3 Be7 8. Qd2
b5 9. Be2 O-O 10. g4 Bb7 11. h4 Nc6 12. h5 Ne8 13. O-O-O Rc8 14. Rhg1 Qa5 15.
Nb3 Qc7 16. g5 Ne5 17. f4 Nc4 18. Bxc4 Qxc4 19. Na5 Qc7 20. Nxb7 Qxb7 21. Qd3
Qc6 22. f5 Kh8 23. Bd4 e5 24. Be3 Nc7 25. Rdf1 Bd8 26. g6 b4 27. Nd5 Nxd5 28.
exd5 Qc4 29. Qxc4 Rxc4 30. h6 Rh4 31. f6 Bxf6 32. Rxf6 gxf6 33. g7+ Kg8 34.
gxf8=Q+ Kxf8 35. Rg7 f5 36. Rxh7 f4 37. Rh8+ Ke7 38. Bf2 Rh2 39. Be1 f3 40. h7
a5 41. Kd1 Kf6 42. Rd8 Rxh7 43. Rxd6+ Kf5 44. Rd7 e4 45. Bf2 Ke5 46. Kd2 Rh5
47. Ke3 f5 48. Bg3+ Kf6 49. Rd6+ Ke7 50. Re6+ Kd7 51. Re5 Rg5 52. Kf2 a4 53. d6
Kc6 54. c3 a3 55. bxa3 bxc3 56. Bf4 Rg2+ 57. Kf1 Rxa2 58. Rxf5 Rxa3 59. Rf7 e3
60. Rc7+ Kd5 61. Bxe3 Kxd6 62. Rc4 Ra1+ 63. Kf2 Ra2+ 64. Kxf3 c2 65. Ke4 Rb2
66. Bf4+ Ke6 67. Rc6+ Kd7 68. Rc5 Ke6 69. Rc4 Ra2 70. Rd4 Ra6 71. Kd3 Rc6 72.
Rc4 1/2-1/2

[Event "25. Torneo San Viator 2015"]
[Site "Madrid ESP"]
[Date "2015.10.18"]
[Round "4.20"]
[White "Sanchez Gomez, Emiliano"]
[Black "De La Torre Palomino, Luis"]
[Result "1-0"]
[WhiteElo "1801"]
[BlackElo "1603"]
[PlyCount "61"]
[EventDate "2015.10.04"]
[EventType "swiss"]
[EventRounds "9"]
[EventCountry "ESP"]
[Source "lmi"]
[SourceDate "2015.10.04"]

1. e4 d5 2. exd5 Qxd5 3. Nc3 Qa5 4. Nf3 Bg4 5. Be2 Nf6 6. h3 Bh5 7. O-O e6 8.
d4 Nbd7 9. Bf4 Bd6 10. Bxd6 cxd6 11. Re1 O-O 12. Nd2 Bxe2 13. Qxe2 a6 14. Nb3
Qc7 15. Rad1 d5 16. Qf3 Nb6 17. Nd2 Rac8 18. Ndb1 Nc4 19. b3 Nd6 20. Re2 b5 21.
Qd3 Qa5 22. Qd2 Rc6 23. Nxd5 Qd8 24. Nb4 Rc3 25. Qf4 a5 26. Nd3 Nd5 27. Qe5 b4
28. Nc5 Nb5 29. Na4 Rc6 30. Rdd2 Qe7 31. Qxd5 1-0

[Event "25. Torneo San Viator 2015"]
[Site "Madrid ESP"]
[Date "2015.10.18"]
[Round "4.21"]
[White "Lopez Ziegler, Juan Jose"]
[Black "Perez Sempere, Alberto"]
[Result "0-1"]
[WhiteElo "1543"]
[BlackElo "1774"]
[PlyCount "80"]
[EventDate "2015.10.04"]
[EventType "swiss"]
[EventRounds "9"]
[EventCountry "ESP"]
[Source "lmi"]
[SourceDate "2015.10.04"]

1. d4 Nf6 2. Bf4 c5 3. e3 Qb6 4. Nc3 g6 5. Nb5 d6 6. dxc5 Qxc5 7. h3 a6 8. Nc3
Bg7 9. Be2 Bd7 10. Bh2 b5 11. Bf3 Nc6 12. Rb1 Rc8 13. Nge2 O-O 14. O-O Rc7 15.
Nf4 Ne5 16. Nfd5 Nxf3+ 17. Qxf3 Nxd5 18. Nxd5 Bc6 19. Nxe7+ Rxe7 20. Qd1 Be5
21. c3 Bxh2+ 22. Kxh2 Rd8 23. Qe2 Qe5+ 24. Kg1 Qe4 25. Qg4 Qxg4 26. hxg4 Re4
27. Rbd1 Rxg4 28. g3 Bf3 29. Rd4 Rxd4 30. exd4 Re8 31. a4 Re2 32. axb5 axb5 33.
b4 Rc2 34. Kh2 Rxc3 35. Re1 Rc2 36. Kh3 Rxf2 37. Re3 Bd5 38. Kg4 Kg7 39. Re7
Kf6 40. Ra7 Be6+ 0-1

[Event "25. Torneo San Viator 2015"]
[Site "Madrid ESP"]
[Date "2015.10.18"]
[Round "4.22"]
[White "Quijano Cabrera, Adelardo"]
[Black "Miguens Mata, Jose L"]
[Result "1-0"]
[WhiteElo "1651"]
[BlackElo "1526"]
[PlyCount "79"]
[EventDate "2015.10.04"]
[EventType "swiss"]
[EventRounds "9"]
[EventCountry "ESP"]
[Source "lmi"]
[SourceDate "2015.10.04"]

1. d4 d5 2. c4 dxc4 3. e3 Nf6 4. Bxc4 Bf5 5. Nc3 e6 6. Nf3 Bd6 7. O-O O-O 8.
Re1 Bg4 9. h3 Bh5 10. a3 c6 11. e4 Bc7 12. e5 Nd5 13. Bxd5 cxd5 14. Nb5 Nc6 15.
Nxc7 Qxc7 16. Be3 Rac8 17. Rc1 Qb6 18. g4 Bg6 19. b4 a5 20. Nh4 Be4 21. f3 Qd8
22. fxe4 Qxh4 23. exd5 Qg3+ 24. Kh1 Qxh3+ 25. Kg1 Qg3+ 26. Kh1 exd5 27. Rc2
Qh4+ 28. Rh2 Qe7 29. b5 Na7 30. a4 Rc4 31. Qd3 g6 32. Qd2 b6 33. Bg5 Qe6 34.
Bf6 Re8 35. Qh6 Qxf6 36. exf6 Rxe1+ 37. Kg2 Rc2+ 38. Kg3 Re3+ 39. Kf4 Re4+ 40.
Kg5 1-0

[Event "25. Torneo San Viator 2015"]
[Site "Madrid ESP"]
[Date "2015.10.18"]
[Round "4.23"]
[White "Rodriguez Romero, Martin"]
[Black "Alonso Penalver, Angel"]
[Result "1-0"]
[WhiteElo "1651"]
[BlackElo "1676"]
[PlyCount "85"]
[EventDate "2015.10.04"]
[EventType "swiss"]
[EventRounds "9"]
[EventCountry "ESP"]
[Source "lmi"]
[SourceDate "2015.10.04"]

1. e4 c5 2. Nc3 Nc6 3. g3 g6 4. Bg2 Bg7 5. d3 e6 6. Be3 Nge7 7. Bxc5 O-O 8. Qd2
d6 9. Be3 Rb8 10. Bh6 Nd4 11. O-O-O Qa5 12. h4 e5 13. h5 Bg4 14. hxg6 fxg6 15.
Bxg7 Kxg7 16. f3 Be6 17. Qg5 Qc7 18. Qh6+ Kf7 19. f4 Ke8 20. Nf3 Rc8 21. Rd2
Bg8 22. Nxd4 exd4 23. Nd5 Nxd5 24. exd5 Qe7 25. Kd1 Kd8 26. Re1 Qf6 27. Rde2
Rc7 28. f5 Kc8 29. fxg6 Rd8 30. Bh3+ Kb8 31. Re8 Qf3+ 32. Kc1 Qf6 33. gxh7
Qxh6+ 34. Kb1 Be6 35. Rxd8+ Rc8 36. h8=Q Qxh8 37. Rxh8 Rxh8 38. dxe6 Re8 39. e7
Kc7 40. Bf5 a5 41. Bg6 Rg8 42. e8=Q Rxe8 43. Bxe8 1-0

[Event "25. Torneo San Viator 2015"]
[Site "Madrid ESP"]
[Date "2015.10.25"]
[Round "5.1"]
[White "Andalon Gomez, Carlos J"]
[Black "Unciti Juan, Javier"]
[Result "1-0"]
[WhiteElo "1963"]
[BlackElo "2050"]
[PlyCount "79"]
[EventDate "2015.10.04"]
[EventType "swiss"]
[EventRounds "9"]
[EventCountry "ESP"]
[Source "lmi"]
[SourceDate "2015.10.04"]

1. d4 e6 2. c4 b6 3. Nc3 Bb7 4. d5 Bb4 5. g3 exd5 6. Bg2 Nf6 7. cxd5 O-O 8. Nh3
d6 9. O-O Nbd7 10. Nb5 a6 11. Nd4 Bc5 12. Nb3 Re8 13. Nxc5 bxc5 14. Re1 Qe7 15.
e4 Bxd5 16. Bd2 Be6 17. Nf4 Rab8 18. Bc3 Ne5 19. Nxe6 Qxe6 20. f4 Nc4 21. b3
Nb6 22. Qc2 Qg4 23. Rad1 Rbd8 24. e5 dxe5 25. Bxe5 Nbd5 26. Qxc5 c6 27. Qxc6
Nb4 28. Qf3 Qxf3 29. Bxf3 Nd3 30. Bxf6 Nxe1 31. Rxd8 Nxf3+ 32. Kf2 Rxd8 33.
Bxd8 Nxh2 34. a4 Kf8 35. b4 Ke8 36. Bb6 Kd7 37. Bd4 g6 38. Kg2 Ng4 39. Kf3 Kc6
40. Kxg4 1-0

[Event "25. Torneo San Viator 2015"]
[Site "Madrid ESP"]
[Date "2015.10.25"]
[Round "5.2"]
[White "Renteria, Jorge"]
[Black "Vallejo Nuno, Jorge"]
[Result "1/2-1/2"]
[WhiteElo "2244"]
[BlackElo "2087"]
[PlyCount "78"]
[EventDate "2015.10.04"]
[EventType "swiss"]
[EventRounds "9"]
[EventCountry "ESP"]
[Source "lmi"]
[SourceDate "2015.10.04"]

1. e4 g6 2. d4 Bg7 3. c4 Nc6 4. Ne2 e5 5. d5 Nd4 6. Be3 c5 7. dxc6 dxc6 8. Nbc3
Be6 9. b3 Qa5 10. Bd2 Qc7 11. Na4 Rd8 12. Nxd4 Rxd4 13. Qc2 b6 14. Bc3 Rd7 15.
Be2 Ne7 16. c5 b5 17. Nb2 O-O 18. O-O f5 19. f3 Rfd8 20. Rfd1 Rxd1+ 21. Bxd1 a5
22. Nd3 fxe4 23. fxe4 g5 24. a3 Ng6 25. b4 a4 26. Nf2 Bc4 27. g3 Nf8 28. Bg4
Qf7 29. Qc1 Ne6 30. Bxe6 Bxe6 31. Qxg5 Rf8 32. Be1 Qf3 33. g4 Bc4 34. Qd2 Rf4
35. Qd8+ Rf8 36. Qd1 Be2 37. Qd2 Bf1 38. Kxf1 Qh1+ 39. Ke2 Qf3+ 1/2-1/2

[Event "25. Torneo San Viator 2015"]
[Site "Madrid ESP"]
[Date "2015.10.25"]
[Round "5.3"]
[White "Cervino Rossel, Cristobal"]
[Black "Sotoca Aguado, Jose"]
[Result "1-0"]
[WhiteElo "2114"]
[BlackElo "1946"]
[PlyCount "73"]
[EventDate "2015.10.04"]
[EventType "swiss"]
[EventRounds "9"]
[EventCountry "ESP"]
[Source "lmi"]
[SourceDate "2015.10.04"]

1. d4 Nf6 2. Nf3 e6 3. g3 b6 4. Bg2 Bb7 5. O-O d5 6. c4 Be7 7. cxd5 exd5 8. Nc3
O-O 9. a4 Nc6 10. Bf4 Nb4 11. Rc1 c6 12. Re1 Nh5 13. Bd2 Rc8 14. a5 Bd6 15.
axb6 axb6 16. Na4 Ba6 17. Ne5 Bb5 18. Nc3 Ba6 19. Bh3 Rc7 20. Bg4 Nf6 21. Bg5
h6 22. Bxf6 Qxf6 23. Nd7 Qg5 24. Bh3 Bc8 25. Nxf8 Bxh3 26. e4 Kxf8 27. e5 Be7
28. Nb5 Rd7 29. Qb3 g6 30. Nd6 c5 31. f4 Qh5 32. dxc5 bxc5 33. Rxc5 Bxd6 34.
exd6 Rxd6 35. Qxb4 Kg7 36. Qd4+ Kh7 37. Re8 1-0

[Event "25. Torneo San Viator 2015"]
[Site "Madrid ESP"]
[Date "2015.10.25"]
[Round "5.4"]
[White "Cabanas Bravo, Juan Andres"]
[Black "Garcia Martin, Esteban"]
[Result "1-0"]
[WhiteElo "2042"]
[BlackElo "1903"]
[PlyCount "70"]
[EventDate "2015.10.04"]
[EventType "swiss"]
[EventRounds "9"]
[EventCountry "ESP"]
[Source "lmi"]
[SourceDate "2015.10.04"]

1. e4 c5 2. Nf3 d6 3. d4 cxd4 4. Nxd4 Nf6 5. Nc3 g6 6. f4 Nbd7 7. Be2 Bg7 8.
O-O O-O 9. Be3 a6 10. g4 e5 11. Nb3 exf4 12. Bxf4 Ne5 13. h3 b5 14. g5 Qb6+ 15.
Kh2 Ne8 16. Nd5 Qd8 17. Qd2 f5 18. gxf6 Nxf6 19. Bg5 Bb7 20. Bxf6 Bxf6 21. Nd4
Bc8 22. a4 bxa4 23. Rxa4 Bg7 24. Rxf8+ Qxf8 25. Kg2 Bh6 26. Qc3 Ra7 27. Qb3 Kh8
28. Rb4 Rf7 29. Rb8 Rf2+ 30. Kg1 Rxe2 31. Nxe2 Nf3+ 32. Kh1 Nh4 33. Qc3+ Bg7
34. Rxc8 Bxc3 35. Rxf8+ Kg7 1-0

[Event "25. Torneo San Viator 2015"]
[Site "Madrid ESP"]
[Date "2015.10.25"]
[Round "5.5"]
[White "Yeves Miquel, Enrique"]
[Black "Lobato Rivero, Carlos"]
[Result "1/2-1/2"]
[WhiteElo "1758"]
[BlackElo "1992"]
[PlyCount "107"]
[EventDate "2015.10.04"]
[EventType "swiss"]
[EventRounds "9"]
[EventCountry "ESP"]
[Source "lmi"]
[SourceDate "2015.10.04"]

1. d4 f5 2. g3 Nf6 3. Bg2 e6 4. Nf3 g6 5. O-O Bg7 6. b3 O-O 7. Bb2 d6 8. c4 Ne4
9. Nbd2 Nc6 10. a3 d5 11. e3 a5 12. Qc2 Qe7 13. Rac1 Bd7 14. Ne5 Nxe5 15. dxe5
Bc6 16. a4 Nxd2 17. Qxd2 Rfd8 18. Qc2 dxc4 19. Qxc4 Bxg2 20. Kxg2 c6 21. Rfd1
Rd5 22. e4 fxe4 23. Qxe4 Rad8 24. Rxd5 Rxd5 25. Re1 Qb4 26. Qe3 Bh6 27. Qc3 Bd2
28. Qxb4 axb4 29. Rd1 Bc3 30. Rxd5 exd5 31. Bc1 Bxe5 32. Kf3 Kf7 33. Ke3 Bc3
34. Kd3 Ke6 35. Be3 Kf5 36. h4 Kg4 37. Ke2 Be5 38. Bc5 Bc3 39. Bd6 Kf5 40. Kd3
Ke6 41. Bc5 h5 42. a5 Ke5 43. Be3 d4 44. Bf4+ Kd5 45. f3 c5 46. g4 c4+ 47.
bxc4+ Kc5 48. Bc1 b3 49. Ba3+ Bb4 50. Bb2 Bxa5 51. Bxd4+ Kb4 52. Bb2 Kc5 53.
gxh5 gxh5 54. Bf6 1/2-1/2

[Event "25. Torneo San Viator 2015"]
[Site "Madrid ESP"]
[Date "2015.10.25"]
[Round "5.6"]
[White "Lopez Ziegler, Carlos"]
[Black "Bustos Bernardo, Samuel"]
[Result "0-1"]
[WhiteElo "1925"]
[BlackElo "1964"]
[PlyCount "46"]
[EventDate "2015.10.04"]
[EventType "swiss"]
[EventRounds "9"]
[EventCountry "ESP"]
[Source "lmi"]
[SourceDate "2015.10.04"]

1. e4 c5 2. Nf3 d6 3. d4 cxd4 4. Nxd4 Nf6 5. Nc3 a6 6. Qf3 Nbd7 7. Be2 g6 8. h3
Bg7 9. Be3 Qc7 10. Qg3 b5 11. Rd1 O-O 12. O-O Bb7 13. Nd5 Nxd5 14. exd5 Kh8 15.
c3 Nb6 16. Bf3 Be5 17. Qh4 Bxd5 18. Nxb5 axb5 19. Bxd5 Nxd5 20. Rxd5 Qb7 21.
Rfd1 Rxa2 22. Qe4 f5 23. Qb4 Qxd5 0-1

[Event "25. Torneo San Viator 2015"]
[Site "Madrid ESP"]
[Date "2015.10.25"]
[Round "5.7"]
[White "Aguilera Lopez, Alejandro"]
[Black "Garcia Galeote, Lorenzo"]
[Result "1/2-1/2"]
[WhiteElo "1987"]
[BlackElo "1906"]
[PlyCount "84"]
[EventDate "2015.10.04"]
[EventType "swiss"]
[EventRounds "9"]
[EventCountry "ESP"]
[Source "lmi"]
[SourceDate "2015.10.04"]

1. d4 Nf6 2. Nf3 d5 3. e3 Bf5 4. c4 e6 5. Nc3 Nbd7 6. Qb3 dxc4 7. Qxb7 Nb6 8.
Ne5 Bb4 9. Nxc4 O-O 10. Bd2 Bxc3 11. Bxc3 Nxc4 12. Bxc4 Be4 13. Qa6 Bxg2 14.
Rg1 Bd5 15. Bd3 Qd6 16. f4 Qxa6 17. Bxa6 Ne4 18. Ba5 Rab8 19. b3 Bb7 20. Bd3 c5
21. Bxe4 Bxe4 22. dxc5 Rfc8 23. Bc3 Rxc5 24. Bxg7 Bg6 25. Be5 Rbc8 26. Rg2 Rc1+
27. Rxc1 Rxc1+ 28. Kf2 Rc2+ 29. Kg3 Rxg2+ 30. Kxg2 Be4+ 31. Kf2 Kf8 32. Ke2 Ke7
33. Kd2 Kd7 34. Kc3 Kc6 35. Kd4 Bg6 36. Bg7 Bb1 37. a4 a6 38. Bf8 Bc2 39. Kc4
Bd1 40. Be7 Be2+ 41. Kd4 Bd1 42. Kc3 Kd5 1/2-1/2

[Event "25. Torneo San Viator 2015"]
[Site "Madrid ESP"]
[Date "2015.10.25"]
[Round "5.8"]
[White "Padin Lazaro, Jose Manuel"]
[Black "Gil Sierra, Jacinto"]
[Result "1-0"]
[WhiteElo "1906"]
[BlackElo "1965"]
[PlyCount "49"]
[EventDate "2015.10.04"]
[EventType "swiss"]
[EventRounds "9"]
[EventCountry "ESP"]
[Source "lmi"]
[SourceDate "2015.10.04"]

1. e4 c5 2. Nf3 Nc6 3. d4 cxd4 4. Nxd4 Nf6 5. Nc3 d6 6. Bg5 e6 7. Qd2 h6 8.
Bxf6 Qxf6 9. Ndb5 Qd8 10. O-O-O a6 11. Nxd6+ Bxd6 12. Qxd6 Qxd6 13. Rxd6 Ke7
14. Rd2 b5 15. Be2 Ra7 16. Rhd1 Rc7 17. a3 Bb7 18. Bxb5 Ne5 19. Be2 Rhc8 20. f4
Nd7 21. Kb1 Nc5 22. Bf3 Bc6 23. Nd5+ Bxd5 24. exd5 exd5 25. Bxd5 1-0

[Event "25. Torneo San Viator 2015"]
[Site "Madrid ESP"]
[Date "2015.10.25"]
[Round "5.9"]
[White "Vazquez Gonzalez, Francisco"]
[Black "Blanco Diez, David"]
[Result "1-0"]
[WhiteElo "1929"]
[BlackElo "1719"]
[PlyCount "39"]
[EventDate "2015.10.04"]
[EventType "swiss"]
[EventRounds "9"]
[EventCountry "ESP"]
[Source "lmi"]
[SourceDate "2015.10.04"]

1. e4 e5 2. Nf3 Nc6 3. d4 exd4 4. Nxd4 Nf6 5. Nc3 Bb4 6. Nxc6 bxc6 7. Bd3 O-O
8. Bg5 h6 9. Bh4 Re8 10. O-O Bxc3 11. bxc3 g5 12. Bg3 Nxe4 13. Qh5 Kg7 14. Rae1
d5 15. Bxe4 Rxe4 16. Rxe4 dxe4 17. f4 f5 18. fxg5 hxg5 19. Be5+ Kf8 20. Qh8+
1-0

[Event "25. Torneo San Viator 2015"]
[Site "Madrid ESP"]
[Date "2015.10.25"]
[Round "5.10"]
[White "Cardena Contreras, Javier"]
[Black "Luque Ibanez, Manuel"]
[Result "1-0"]
[WhiteElo "1892"]
[BlackElo "2008"]
[PlyCount "83"]
[EventDate "2015.10.04"]
[EventType "swiss"]
[EventRounds "9"]
[EventCountry "ESP"]
[Source "lmi"]
[SourceDate "2015.10.04"]

1. e4 c5 2. Nf3 e6 3. d4 cxd4 4. Nxd4 Nf6 5. Nc3 Nc6 6. Ndb5 d6 7. Bf4 e5 8.
Bg5 a6 9. Na3 b5 10. Bxf6 gxf6 11. Nd5 f5 12. Bd3 Be6 13. Qh5 Rg8 14. g3 h6 15.
Qd1 Bxd5 16. exd5 Ne7 17. Nxb5 Bg7 18. Nc3 e4 19. Bc4 Qa5 20. O-O Bxc3 21. bxc3
Qxc3 22. Qe2 h5 23. Bxa6 h4 24. Bb5+ Kf8 25. Kh1 h3 26. Qe3 Nxd5 27. Qh6+ Ke7
28. Qxh3 Rh8 29. Qxf5 Nf6 30. Rfe1 Rh5 31. Qf4 Rxb5 32. Rad1 d5 33. g4 Qh3 34.
Qe5+ Kd7 35. Qxf6 Qf3+ 36. Qxf3 exf3 37. Re3 Rxa2 38. Rxf3 Rxc2 39. Rxf7+ Ke6
40. Rf5 Rbc5 41. Kg2 Rc1 42. Rfxd5 1-0

[Event "25. Torneo San Viator 2015"]
[Site "Madrid ESP"]
[Date "2015.10.25"]
[Round "5.11"]
[White "Vazquez Gonzalez, Jesus"]
[Black "Soto Martin, Miguel"]
[Result "1/2-1/2"]
[WhiteElo "1978"]
[BlackElo "1881"]
[PlyCount "95"]
[EventDate "2015.10.04"]
[EventType "swiss"]
[EventRounds "9"]
[EventCountry "ESP"]
[Source "lmi"]
[SourceDate "2015.10.04"]

1. b3 d5 2. e3 Nf6 3. Bb2 Bg4 4. Be2 Bxe2 5. Qxe2 e6 6. Nf3 c5 7. O-O Bd6 8. d4
O-O 9. c4 Nbd7 10. Rd1 Qe7 11. Nc3 dxc4 12. bxc4 Rac8 13. d5 exd5 14. cxd5 a6
15. a4 b6 16. Qxa6 Ne5 17. Qe2 c4 18. Nb5 Nd3 19. Bd4 Nxd5 20. a5 bxa5 21. Rxa5
Bb4 22. Ra7 Qe8 23. Na3 Bxa3 24. Rxa3 Qe7 25. Ra5 Nf6 26. Ne5 Qb4 27. Rda1 Nc1
28. Qd1 Nb3 29. R1a4 Qd2 30. Qxd2 Nxd2 31. Rc5 Nfe4 32. Rxc8 Rxc8 33. f3 Nd6
34. Bc3 Nb1 35. Bb4 f6 36. Bxd6 fxe5 37. Ra1 Nd2 38. Bxe5 c3 39. Bxc3 Rxc3 40.
e4 Rc2 41. Ra7 Nc4 42. Rc7 Ne3 43. Rxc2 Nxc2 44. Kf2 Kf7 45. h4 Kf6 46. f4 Nd4
47. Ke3 Ne6 48. g4 1/2-1/2

[Event "25. Torneo San Viator 2015"]
[Site "Madrid ESP"]
[Date "2015.10.25"]
[Round "5.12"]
[White "Torres Samper, Rafael"]
[Black "Castro Morell, Daniel Eduardo"]
[Result "1-0"]
[WhiteElo "1974"]
[BlackElo "1858"]
[PlyCount "113"]
[EventDate "2015.10.04"]
[EventType "swiss"]
[EventRounds "9"]
[EventCountry "ESP"]
[Source "lmi"]
[SourceDate "2015.10.04"]

1. e4 c5 2. Nf3 Nc6 3. d4 cxd4 4. Nxd4 e5 5. Nb5 d6 6. N1c3 a6 7. Na3 Be7 8.
Nc4 b5 9. Ne3 Nf6 10. Ned5 O-O 11. Bg5 Nxd5 12. exd5 Bxg5 13. dxc6 Be6 14. Nd5
Rc8 15. a4 bxa4 16. c7 Qe8 17. Bxa6 Bxd5 18. Bxc8 Qb5 19. Ba6 Qxa6 20. Qxd5 Rc8
21. Qd3 Qa5+ 22. c3 Rxc7 23. O-O Be7 24. Qe4 Ra7 25. Rfd1 g6 26. Rd5 Qb6 27.
Qe2 Qc6 28. Qb5 Qa8 29. h3 Kg7 30. c4 a3 31. bxa3 Rxa3 32. Rb1 Ra2 33. Qb7 Qe8
34. Qb5 Qc8 35. Qb3 Qa6 36. Rb5 Qa7 37. Rb2 Ra1+ 38. Kh2 Qd4 39. Rb7 Qf4+ 40.
g3 Qf6 41. Kg2 Rc1 42. Rc2 Re1 43. Qc3 Rd1 44. Rd2 Rxd2 45. Qxd2 Qe6 46. Qd5
Qf6 47. Rb6 Qf5 48. Qf3 Qd7 49. Qd5 Qf5 50. g4 Qf4 51. Rb7 Qf6 52. Qf3 Qe6 53.
Qe4 Qf6 54. f4 h6 55. fxe5 dxe5 56. Rb5 Bd6 57. c5 1-0

[Event "25. Torneo San Viator 2015"]
[Site "Madrid ESP"]
[Date "2015.10.25"]
[Round "5.13"]
[White "Barahona Torrijos, Angel"]
[Black "Cid Garcia, Ramon"]
[Result "1-0"]
[WhiteElo "1812"]
[BlackElo "1958"]
[PlyCount "69"]
[EventDate "2015.10.04"]
[EventType "swiss"]
[EventRounds "9"]
[EventCountry "ESP"]
[Source "lmi"]
[SourceDate "2015.10.04"]

1. e4 c5 2. a3 g6 3. b4 Bg7 4. Nc3 d6 5. Bc4 Nc6 6. Bb2 e6 7. Nf3 Nge7 8. b5
Nd4 9. a4 b6 10. Nxd4 cxd4 11. Ne2 e5 12. O-O Bb7 13. d3 d5 14. exd5 Bxd5 15.
Bxd5 Nxd5 16. Ba3 Bf8 17. Qc1 Bxa3 18. Qxa3 Qe7 19. Qb3 Rd8 20. Nxd4 Qb4 21.
Nc6 Qxb3 22. cxb3 O-O 23. Nxd8 Rxd8 24. Rac1 Rd7 25. Rc4 Nf4 26. g3 Ne6 27. Rd1
Nc5 28. d4 Nxb3 29. d5 Nd4 30. f4 Rxd5 31. Kf2 f6 32. Rc7 Rc5 33. Rxc5 bxc5 34.
Rxd4 exd4 35. a5 1-0

[Event "25. Torneo San Viator 2015"]
[Site "Madrid ESP"]
[Date "2015.10.25"]
[Round "5.15"]
[White "Rodriguez Bittar, Karim Javier"]
[Black "Lozano Osorio, Isaac"]
[Result "1/2-1/2"]
[WhiteElo "1835"]
[BlackElo "1947"]
[PlyCount "90"]
[EventDate "2015.10.04"]
[EventType "swiss"]
[EventRounds "9"]
[EventCountry "ESP"]
[Source "lmi"]
[SourceDate "2015.10.04"]

1. e4 c6 2. d3 d5 3. Nd2 e5 4. g3 Nf6 5. Bg2 Bc5 6. Qe2 Ng4 7. Nh3 O-O 8. Nb3
Bb6 9. f3 Nf6 10. Be3 a5 11. Qf2 d4 12. Bg5 Nbd7 13. a4 h6 14. Bxf6 Nxf6 15.
Qe2 Be6 16. Nd2 Qe7 17. O-O g5 18. Nf2 Qd7 19. Nh1 h5 20. Nf2 Bc7 21. h3 g4 22.
fxg4 hxg4 23. hxg4 Bxg4 24. Nxg4 Qxg4 25. Qxg4+ Nxg4 26. Nc4 b5 27. Bh3 bxc4
28. Bxg4 Rab8 29. Rab1 Rb4 30. Rfc1 cxd3 31. cxd3 Bd8 32. Rxc6 Rxa4 33. Kg2 Rb4
34. Rc2 Kg7 35. Rf1 Rb3 36. Be2 Bf6 37. Ra1 Ra8 38. Ra4 Rb5 39. Kf2 Rab8 40.
Ra2 Bg5 41. Kg2 Bd8 42. Kf2 Bg5 43. Kf3 R8b6 44. Ra1 Bd8 45. Rac1 Rb8 1/2-1/2

[Event "25. Torneo San Viator 2015"]
[Site "Madrid ESP"]
[Date "2015.10.25"]
[Round "5.16"]
[White "Luna Hermoso, Angel"]
[Black "Campos Tores, Jose Luis"]
[Result "1-0"]
[WhiteElo "1919"]
[BlackElo "1788"]
[PlyCount "81"]
[EventDate "2015.10.04"]
[EventType "swiss"]
[EventRounds "9"]
[EventCountry "ESP"]
[Source "lmi"]
[SourceDate "2015.10.04"]

1. d4 g6 2. g3 Bg7 3. Bg2 Nf6 4. Nf3 O-O 5. O-O d6 6. c4 Nbd7 7. Nc3 e5 8. Re1
c6 9. Bg5 h6 10. Bxf6 Qxf6 11. d5 Nc5 12. Nd2 cxd5 13. Nxd5 Qd8 14. b4 Ne6 15.
Ne4 Rb8 16. Nxd6 b6 17. Ne4 Bb7 18. Nec3 Ba6 19. b5 Bb7 20. Rc1 Rc8 21. Qb3 Nc5
22. Qb1 Re8 23. Bh3 Rb8 24. Rcd1 Qg5 25. e4 Bc8 26. Bxc8 Rbxc8 27. h4 Qg4 28.
Kg2 Qe6 29. Ne3 h5 30. Rd5 Bh6 31. Qd1 Qe7 32. Qf3 Bg7 33. Red1 Rf8 34. Rd6 Ne6
35. Ncd5 Qe8 36. Nf6+ Bxf6 37. Qxf6 Nd4 38. f3 Rc7 39. R1xd4 exd4 40. Nf5 Qe5
41. Qxe5 1-0